| 000 | 00000nam##2200000za#4500 |
| 001 | 9.630350 |
| 003 | CaOODSP |
| 005 | 20210624213809 |
| 007 | cr ||||||||||| |
| 008 | 150407|1998||||xxc|||||o f|0| 0 fre|d |
| 020 | |a0-662-82562-4 |
| 040 | |aCaOODSP|bfre |
| 043 | |an-cn--- |
| 086 | 1 |aBT43-99/1998F-IN |
| 110 | 1 |aCanada.|bConseil du trésor.|bDirection des ressources humaines. |
| 245 | 13|aLe Régime d'assurance pour les cadres de gestion de la fonction publique : |h[ressource électronique]|bbrochure à l'intention des cadres supérieurs |
| 260 | |bSecrétariat du Conseil du Trésor du Canada. |cc1998. |
| 300 | |a21p.|btableaux |
| 590 | |a12-01-Supp|b2012-01-13 |
| 691 | 07|aAssurance|2gcpds |
| 691 | 07|aFonction publique|2gcpds |
| 775 | 08|tThe Public Service Management Insurance Plan : |w(CaOODSP)9.685758 |
| 776 | 0#|tThe Public Service Management Insurance Plan : |w(CaOODSP)9.659855 |
| 776 | 0#|tLe Régime d'assurance pour des cadres de gestion de la fonction publique : |w(CaOODSP)9.659856 |
| 856 | 40|ahttp://publications.gc.ca|qPDF|s134 Ko|uhttps://publications.gc.ca/collections/Collection/BT43-99-1998F.pdf |